| 000 | 01007nam a2200217Ia 4500 | ||
|---|---|---|---|
| 003 | Ost | ||
| 005 | 20260507075502.0 | ||
| 008 | 260507s9999||||xx |||||||||||||| ||und|| | ||
| 020 | _a9961002202 | ||
| 040 | _cfsecg | ||
| 041 | _aara | ||
| 082 | _a657 | ||
| 100 |
_aعبد الكريم، منصور بن عوف _eمؤلف |
||
| 245 | 0 |
_aالمحاسبة العامة : _b77تمرين محلول / _c منصور بن عوف عبد الكريم |
|
| 250 | _aطبعة 4 | ||
| 260 |
_aالجزائر: _bديوان المطبوعات الجامعية, _c2005 |
||
| 300 |
_a258 صفحة؛ _bإيضاحات ؛ _c24 سم |
||
| 520 | _aالميزانية،الحساب،جدول النتائج،ميزان المراجعة،الفواتير،الأوراق التجارية،الرسم على القيمة المضافة،الأجور،الغلافات التجارية،اهتلاك الإستثمارات،المؤونات،مذكرة تسوية البنك | ||
| 653 | _aالمحاسبة | ||
| 942 | _cكتاب | ||
| 999 |
_c44696 _d44696 |
||